00481nam a22001577a 450000500170000000800410001702000150005804100130007308200140008610000330010024500650013325000200019826000470021830000330026565000250029820231108094204.0231108b |||||||| |||| 00| 0 eng d a0702159204 aEnglish  a346.3 VIS aVisser, PJ et al. lEnglish  aVisser and Potgieter's: Law of Damages / cPJ Visser et al.  aSecond Edition  aCape Town : bJuta and Company Ltd, c2003 bxcvii, 514 pages ; c25 cm.  aLegal practice bLaw